000 00960nam a22002537a 4500
003 PE SENCICO BE
005 20251020182707.0
008 240305b |||||||| |||| 00| 0 eng d
040 _aPE SENCICO BE
_cPE SENCICO BE
041 _aspa
084 _aI
_aDIS
_a2000
_bT43
100 1 _92014
_aTeves Flores, Roberto
_eautor
245 1 _aProyecto café /
_cRoberto Teves Flores
260 _aLima :
_c2000
300 _a20 planos :
_c75 x 52 cm.
502 _aMonografía de Titulación.-- Servicio Nacional de Capacitación para la Industria de la Construcción. Escuela Superior Técnica. Carrera Profesional Técnica en Diseño de Interiores, 2000
650 1 0 _944
_aDiseño de interiores
650 2 0 _929
_aCafeterías
650 2 0 _91995
_aEspacios comerciales
650 2 0 _9615
_aPlanos
710 1 _aServicio Nacional de Capacitación para la Industria de la Construcción.
_bEscuela Superior Técnica
_91065
910 _bhfp
_chfp
942 _cMON
999 _c4983
_d4983